000 01053nam a2200265Ia 4500
003 OSt
005 20221005104010.0
006 a|||||r|||| 00| 0
007 ta
008 221004b |||||||| |||| 00| 0 hin d
020 _a9788179171851 (hbk)
_cINR 575.00
024 _a66392
037 _bGV719, 09/03/2020, Vani Prakashan
_cTextual
040 _aCRL
_cCRL
_bhin
041 _2hin
_ahin
082 _aV2.N, 152Q1
100 _aगुप्ता, जीतेंद्र, ले.
245 0 _aभारतीय इतिहासबोध का संघर्ष और हिंदी प्रदेश
246 _aBhāratīya itihāsabodh kā sangharṣha aur hiandī pradesha
260 _aदिल्ली
_bग्रंथ शिल्पी भारत
_c2011
300 _a240पृ0
_ccm.
650 _aभारत-इतिहास
_9156353
942 _hV2.N, 152Q1
_cTEXL
_2cc
999 _c1011453
_d1011453